书目信息 |
| 题名: |
2020年中国高考发展报告
|
|
| 作者: | 任庆伟 主编 ;萃文数据智能研究院 主编 | |
| 分册: | 吉林卷 | |
| 出版信息: | 上海 同济大学出版社 2020.06 |
|
| 页数: | 15, 304页 | |
| 开本: | 26cm | |
| 丛书名: | ||
| 单 册: | ||
| 中图分类: | G632.474 | |
| 科图分类: | ||
| 主题词: | 高考--研究报告--中国--2020 , 高考--研究报告--吉林--2020 | |
| 电子资源: | ||
| ISBN: | 978-7-5608-9287-0 | |
| 000 | 01172nam0 2200301 450 | |
| 001 | 0108153903 | |
| 005 | 20210308154401.0 | |
| 010 | @a978-7-5608-9287-0@dCNY119.00 | |
| 100 | @a20201224d2020 em y0chiy50 ea | |
| 101 | 0 | @achi |
| 102 | @aCN@b310000 | |
| 105 | @ay z 001yy | |
| 106 | @ar | |
| 200 | 1 | @a2020年中国高考发展报告@A2020 nian zhong guo gao kao fa zhan bao gao@i吉林卷@f萃文数据智能研究院主编 |
| 210 | @a上海@c同济大学出版社@d2020.06 | |
| 215 | @a15, 304页@d26cm | |
| 300 | @a高考蓝皮书 | |
| 312 | @a封面英文题名:2020 China ncee development annual report. For Jilin province | |
| 314 | @a主编:任庆伟 | |
| 330 | @a本书共分五部分,内容包括:2020年报考关键问题的数据解读、新时代背景下的高等教育辨析、新科技趋势下专业及行业全解、智能社会大学毕业生就业全解等。 | |
| 510 | 1 | @a2020 China ncee development annual report@iFor Jilin province@zeng |
| 606 | 0 | @a高考@x研究报告@y中国@z2020 |
| 606 | 0 | @a高考@x研究报告@y吉林@z2020 |
| 690 | @aG632.474@v5 | |
| 701 | 0 | @a任庆伟@Aren qing wei@4主编 |
| 711 | 02 | @a萃文数据智能研究院@Acui wen shu ju zhi neng yan jiu yuan@4主编 |
| 801 | 0 | @aCN@bBJSZM@c20210308 |
| 905 | @b1271347-8@dG632.474@e1023@f2 | |
| 2020年中国高考发展报告.吉林卷/萃文数据智能研究院主编.-上海:同济大学出版社,2020.06 |
| 15, 304页;26cm |
| 高考蓝皮书 |
| ISBN 978-7-5608-9287-0:CNY119.00 |
| 本书共分五部分,内容包括:2020年报考关键问题的数据解读、新时代背景下的高等教育辨析、新科技趋势下专业及行业全解、智能社会大学毕业生就业全解等。 |
| ● |
| 相关链接 |
|
|
|
|
正题名:2020年中国高考发展报告
索取号:G632.474/1023
 
预约/预借
| 序号 | 登录号 | 条形码 | 馆藏地/架位号 | 状态 | 备注 |
| 1 | 1271347 | 212713474 | 第一样本阅览室/ [索取号:G632.474/1023] | 在馆 | |
| 2 | 1271348 | 212713483 | 教育系资料室/ [索取号:G632.474/1023] | 在馆 |